000
00266nam a2200121Ia 4500
008
190216s9999||||xx |||||||||||||| ||und||
100
_a
Hudson W H
245
0
_a
Green Mansions
260
_b
B I Publication
_c
1985
300
_a
254p
650
_a
Novel
942
_c
BK
999
_c
13413
_d
13413